00390nam a2200145Ia 4500003000400000008004100004040001600045082001600061100002200077245004900099260006300148300001100211650001200222650001000234GCL140319s9999 xx 000 0 eng d aGCL / cGCL04a953.02bW S1 aWEISS, BERNARD G.10aASURWEY OF ARAB HISTRY / cWEISS, BERNARD G. a[S.N] : bTHE AMERICAN UNIVERSITY IN CAIRO PRESS ، c1990 a330 P04aHISTORY04aARABS